ՀՀ Գիտությունների ազգային ակադեմիայի հիմնարար գիտական գրադարան  =   Fundamental Scientific Library of NAS RA
Normal view MARC view

Entry Personal Name

Number of records used in: 1

001 - CONTROL NUMBER

  • control field: 3006

003 - CONTROL NUMBER IDENTIFIER

  • control field: AM-YEHGA

005 - DATE AND TIME OF LATEST TRANSACTION

  • control field: 20250617070440.0

008 - FIXED-LENGTH DATA ELEMENTS

  • fixed length control field: 060502 a|ac|n|aab||||||||||||a |n|||||||

040 ## - CATALOGING SOURCE

  • Original cataloging agency: AM-YEHGA

100 1# - HEADING--PERSONAL NAME

  • Personal name: Գալֆայան, Հիլդա Մարգարի,
  • Dates associated with a name: 1942-

400 1# - SEE FROM TRACING--PERSONAL NAME

  • Personal name: Գալֆայան, Հիլդա,
  • Dates associated with a name: 1942-

400 1# - SEE FROM TRACING--PERSONAL NAME

  • Personal name: Գալֆայան, Հ.
  • Fuller form of name: (Հիլդա),
  • Dates associated with a name: 1942-

400 1# - SEE FROM TRACING--PERSONAL NAME

  • Personal name: Գալֆաեան, Հիլտա,
  • Dates associated with a name: 1942-

400 1# - SEE FROM TRACING--PERSONAL NAME

  • Personal name: Գալֆայեան, Հիլտա,
  • Dates associated with a name: 1942-

400 1# - SEE FROM TRACING--PERSONAL NAME

  • Personal name: Գալֆաեան, Հ.
  • Fuller form of name: (Հիլտա),
  • Dates associated with a name: 1942-

400 1# - SEE FROM TRACING--PERSONAL NAME

  • Personal name: Գալֆայեան-Փանոսեան, Հիլտա,
  • Dates associated with a name: 1942-

400 1# - SEE FROM TRACING--PERSONAL NAME

  • Personal name: Գալֆաեան-Փանոսեան, Հիլտա,
  • Dates associated with a name: 1942-

400 1# - SEE FROM TRACING--PERSONAL NAME

  • Personal name: Գալֆայեան-Փանոսեան, Հ.
  • Fuller form of name: (Հիլտա),
  • Dates associated with a name: 1942-

400 1# - SEE FROM TRACING--PERSONAL NAME

  • Personal name: Գալֆաեան-Փանոսեան, Հ.
  • Fuller form of name: (Հիլտա),
  • Dates associated with a name: 1942-

400 1# - SEE FROM TRACING--PERSONAL NAME

  • Personal name: Галфаян, Гильда Маркаровна,
  • Dates associated with a name: 1942-

400 1# - SEE FROM TRACING--PERSONAL NAME

  • Personal name: Galfayan, Hilda Margari,
  • Dates associated with a name: 1942-

670 ## - SOURCE DATA FOUND

  • Source citation: Հայկական համառոտ հանրագիտարան, 1990 :
  • Information found: հ. 1 (Գալֆայան Հիլդա Մարգարի [ծ. 1942, Կ.Պոլիս], հայ բանաստեղծուհի); bIն.տ. (Փարիզի Սորբոնի համալս-ում ստացել է հոգեբ դ-րի աստիճան (1973))

670 ## - SOURCE DATA FOUND

  • Source citation: Կաթիլ մը, 1980 :
  • Information found: տիտղթ. (Հ. Գալֆաեան); (Գալֆաեան Հիլտա)

670 ## - SOURCE DATA FOUND

  • Source citation: Պոլսահայ նոր բանաստեղծութիւնը, 1998 :
  • Information found: տիտղթ. (Հ. Գալֆաեան-Փանոսեան); (Գալֆաեան-Փանոսեան Հիլտա)


ՀՀ ԳԱԱ հիմնարար գիտական գրադարան
ՀՀ,Երևան 0019
Մարշալ Բաղրամյան 24/6
հեռախոս:(374-10) 52-47-50
Հետադարձ կապ

All site content, except where otherwise noted, is licensed under a
Creative Commons License